000 00413nam a2200157 i 4500
001 bg
100 1 _aNOWAKOWSKI, Wojciech
245 0 _aSystem interfejsu IEC-625 /
_cW. Nowakowski, A. Boratynski, J. Borawiecki.
260 _aWarszawa,
_c1984.
700 1 _aBORATYŃSKI, Artur
700 1 _aBORAWIECKI, Jarosław
040 _cBPK
041 _apol
942 _cKS
008 s pl f |000 0 pol
999 _c2371
_d2371
856 _uhttp://koha.tu.koszalin.pl/cgi-bin/koha/opac-detail.pl?biblionumber=2371
_yKatalog online BPK